| 000 | 00802nas a2200265 4500 | ||
|---|---|---|---|
| 001 | BR0600936 | ||
| 003 | BR-BrBNA | ||
| 005 | 20231205105844.0 | ||
| 007 | ta | ||
| 008 | 230509b bl.|||p| |||| 00| 00por d | ||
| 040 |
_aBR-BrBNA _bpor _cBiblioteca Nacional de Agricultura |
||
| 041 | _a(Pt) | ||
| 072 | _aP35; F04 | ||
| 100 | 1 | _aPrado, R. de M. | |
| 100 | 1 | _aNatale, W. | |
| 245 | 1 | _aCalagem na nutrição de cálcio e no desenvolvimento do sistema radicular da goiabeira | |
| 650 | _aGOIABA | ||
| 650 | _aCÁLCIO | ||
| 650 | _aCALCÁRIO | ||
| 650 | _aSISTEMA RADICULAR | ||
| 650 | _aSOLO ÁCIDO | ||
| 773 | 0 |
_tPesquisa Agropecuária Brasileira (Brazil) _xISSN 0100-204X _g(Oct 2004), v. 39(10) p. 1007-1012 _wBR0600936 |
|
| 909 |
_a202311 _bLúcia _c55 _dLúcia Elande |
||
| 942 |
_2AGRIS _n0 _cANA |
||
| 999 |
_c185027 _d185027 |
||